000 00213 a2200097 4500
001 10684
100 _aHobbs, J S
245 _aGeneral world & genral geography.
260 _a
_bE U Press
_c
090 _c8285
_d8285
942 _aNUST-CAE
_cM
_c35028
999 _c245757
_d245757